Moderne Länder, die jemals von Portugal kontrolliert wurden - Statistiken

Allgemein
  • Dieses Quiz wurde 380 mal gespielt
  • Das Durchschnittsergebnis liegt bei 39 aus 49
Antworten auf der Karte
Die Antworten werden auf der Karte rot bzw. grün angezeigt, abhängig davon wie oft sie richtig erraten wurden.
 
Antwortstatistiken
Länder % Korrekt
Brasilien
100%
Portugal
98%
Marokko
95%
Angola
94%
Indien
93%
Uruguay
91%
Mosambik
89%
Demokratische Republik Kongo
88%
Jemen
88%
China
87%
Oman
87%
Republik Kongo
86%
Sri Lanka
86%
Guyana
85%
Madagaskar
85%
Senegal
85%
Indonesien
84%
Kap Verde
84%
Katar
83%
Tansania
83%
Ghana
82%
Kenia
82%
Malawi
82%
Eritrea
81%
Mauretanien
81%
Ost Timor
81%
Somalia
81%
Spanien
81%
Myanmar
80%
Simbabwe
80%
Bangladesch
79%
Benin
79%
Malediven
79%
Sambia
79%
Sudan
79%
Frankreich
78%
Malaysia
78%
Japan
77%
São Tomé and Príncipe
77%
Guinea-Bissau
75%
Philippinen
72%
Mauritius
70%
Bahrain
69%
Saudi Arabien
69%
Äquatorialguinea
62%
Vereinigte Arabische Emirate
61%
Barbados
54%
Iran
53%
Vereinigtes Königreich (Saint Helena)
45%
Keine übereinstimmenden Quizze gefunden
Verteilung der Resultate
Anzahl Personen mit jedem Resultat
Perzentil nach korrekt beantworteten Fragen
Ihre Resultats-Entwicklung
Sie haben dieses Quiz noch nicht gespielt